[Event "Vilnius (LTU)-London (ENG)"]
[Site "Hamburg"]
[Date "2009.06.07"]
[Round "6.3"]
[White "Gardner, Phillip"]
[Black "Osadcij, Jurij"]
[Result "1-0"]
[WhiteElo "1900"]
[BlackElo "1900"]
[PlyCount "107"]
[EventDate "2009.??.??"]
[WhiteTeam "London (ENG)"]
[BlackTeam "Vilnius (LTU)"]

1. e4 e5 2. Nf3 Nc6 3. Bc4 Nd4 4. Nxd4 exd4 5. d3 Bc5 6. Bxf7+ Kf8 7. Bxg8 Kxg8
8. Bf4 d6 9. Nd2 Qf6 10. Qf3 Be6 11. Bg3 Qxf3 12. gxf3 h6 13. a3 Kh7 14. h4
Rhf8 15. h5 Bb6 16. f4 Rae8 17. f3 d5 18. Kf2 c6 19. f5 Bd7 20. Rag1 Bd8 21.
Bh4 Bc7 22. Bg3 Bd8 23. Bf4 b6 24. Nf1 Bf6 25. Ng3 dxe4 26. fxe4 c5 27. Re1 Be5
28. Kf3 Bc6 29. Bxe5 Rxe5 30. Kf4 Rfe8 31. Rh4 R8e7 32. Nf1 Bd7 33. Ng3 b5 34.
Rf1 Re8 35. Rf2 R5e7 36. Kf3 Rf8 37. Rf4 Be8 38. Kg4 Rf6 39. Re2 Re5 40. Ref2
a6 41. Nf1 Bf7 42. Nh2 Be8 43. Kh4 Bc6 44. Ng4 Re8 45. Nxf6+ gxf6 46. Rg4 Rg8
47. Rxg8 Kxg8 48. Kg3 Be8 49. Kh4 Kh8 50. Kg4 Bf7 51. Re2 Kg7 52. e5 fxe5 53.
Rxe5 Kf6 54. Rxc5 1-0

[Event "Vilnius (LTU)-London (ENG)"]
[Site "Hamburg"]
[Date "2009.06.07"]
[Round "6.4"]
[White "Marcinkeviciene, Egle"]
[Black "Dunn, Richard"]
[Result "1/2-1/2"]
[WhiteElo "1741"]
[BlackElo "1900"]
[PlyCount "56"]
[EventDate "2009.??.??"]
[WhiteTeam "Vilnius (LTU)"]
[BlackTeam "London (ENG)"]

1. d4 Nf6 2. c4 g6 3. Nc3 Bg7 4. e4 d6 5. Nf3 O-O 6. Be2 Nbd7 7. Be3 e5 8. d5
Ng4 9. Bg5 f6 10. Bd2 Nh6 11. h3 Nf7 12. g4 a5 13. b3 Nc5 14. Be3 b6 15. Qd2
Bd7 16. O-O-O Qc8 17. Rdg1 Nb7 18. Ne1 Nc5 19. h4 Re8 20. h5 g5 21. f3 h6 22.
Nd3 Qb7 23. Nf2 Reb8 24. Kc2 Na6 25. a3 Bf8 26. Ra1 Be7 27. Rhb1 c5 28. Kc1 Nc7
1/2-1/2

[Event "Sofia (BUL)-St. Gallen (SUI)"]
[Site "Hamburg"]
[Date "2009.06.07"]
[Round "6.1"]
[White "Redzepi, Halit"]
[Black "Georgiev, Veselin"]
[Result "1/2-1/2"]
[WhiteElo "1847"]
[BlackElo "2360"]
[PlyCount "33"]
[EventDate "2009.??.??"]
[WhiteTeam "St. Gallen (SUI)"]
[BlackTeam "Sofia (BUL)"]

1. e4 d6 2. d4 Nf6 3. Nc3 g6 4. f4 Bg7 5. Nf3 c5 6. Be3 cxd4 7. Nxd4 Nc6 8. Be2
Qb6 9. e5 {(=)} Ng4 10. Bxg4 Bxg4 11. Qd2 Nxd4 12. Bxd4 Qa6 13. exd6 Bxd4 14.
Qxd4 O-O-O 15. h3 Be6 16. Qc5+ Kb8 17. dxe7 {(=)} 1/2-1/2

[Event "Sofia (BUL)-St. Gallen (SUI)"]
[Site "Hamburg"]
[Date "2009.06.07"]
[Round "6.2"]
[White "Ninov, Nikolay"]
[Black "Wagner, Peter"]
[Result "1-0"]
[WhiteElo "1900"]
[BlackElo "1900"]
[PlyCount "111"]
[EventDate "2009.??.??"]
[WhiteTeam "Sofia (BUL)"]
[BlackTeam "St. Gallen (SUI)"]

1. e4 e5 2. d4 exd4 3. Qxd4 Nc6 4. Qe3 d6 5. Bd2 Nf6 6. Nc3 Be7 7. O-O-O O-O 8.
f3 Be6 9. Nge2 Ne5 10. Nf4 Bc4 11. Be1 Bxf1 12. Rxf1 Nfd7 13. Nfd5 f5 14. exf5
Rxf5 15. f4 Ng6 16. g4 Rf8 17. Bd2 c6 18. Qe6+ Kh8 19. Nxe7 Qxe7 20. Qc4 Nb6
21. Qd3 Qd7 22. h3 Ne7 23. Ne4 Nbc8 24. Bc3 Kg8 25. Nxd6 Nxd6 26. Qxd6 Qxd6 27.
Rxd6 Nd5 28. Bd2 Rad8 29. Rxd8 Rxd8 30. c4 Nf6 31. Re1 Kf7 32. Kc2 c5 33. a3 b6
34. b3 Rd7 35. Re3 Rd4 36. Rd3 Re4 37. g5 Ne8 38. Rd7+ Re7 39. Rxe7+ Kxe7 40.
Bc3 Ke6 41. Be5 a6 42. Kd3 Kf5 43. b4 h6 44. gxh6 gxh6 45. bxc5 bxc5 46. a4 h5
47. a5 Nf6 48. Bxf6 Kxf6 49. Ke4 Ke6 50. h4 Kf6 51. f5 Ke7 52. Ke5 Kf7 53. f6
Kf8 54. Kf5 Kf7 55. Kg5 Ke6 56. Kg6 1-0

[Event "Sofia (BUL)-St. Gallen (SUI)"]
[Site "Hamburg"]
[Date "2009.06.07"]
[Round "6.3"]
[White "Geisser, Rainer"]
[Black "Dobrev, Alexander"]
[Result "1-0"]
[WhiteElo "1900"]
[BlackElo "1900"]
[PlyCount "43"]
[EventDate "2009.??.??"]
[WhiteTeam "St. Gallen (SUI)"]
[BlackTeam "Sofia (BUL)"]

1. c4 e5 2. Nc3 Nf6 3. e3 Nc6 4. d4 exd4 5. exd4 d5 6. cxd5 Nxd5 7. Nge2 Bg4 8.
a3 Be7 9. g3 Bf3 10. Rg1 O-O 11. Qd3 Bh5 12. Nxd5 Qxd5 13. Nf4 Qf3 14. Nxh5
Qxh5 15. Bg2 Nxd4 16. Qxd4 Rad8 17. Qa4 Bb4+ 18. axb4 Rd6 19. Be3 Rfd8 20. Rh1
Ra6 21. Rd1 Rxd1+ 22. Qxd1 1-0

[Event "Sofia (BUL)-St. Gallen (SUI)"]
[Site "Hamburg"]
[Date "2009.06.07"]
[Round "6.4"]
[White "Lozanova, Galabina"]
[Black "Bolliger, Bruno"]
[Result "1-0"]
[WhiteElo "1900"]
[BlackElo "1900"]
[PlyCount "89"]
[EventDate "2009.??.??"]
[WhiteTeam "Sofia (BUL)"]
[BlackTeam "St. Gallen (SUI)"]

1. e4 c5 2. d4 cxd4 3. Qxd4 Nc6 4. Qe3 d6 5. Bd2 Nf6 6. Nc3 Bd7 7. O-O-O a6 8.
Nge2 e5 9. f3 g6 10. g4 Be6 11. h4 Bg7 12. g5 Nh5 13. f4 exf4 14. Nxf4 Nxf4 15.
Qxf4 Ne5 16. Bh3 Bxh3 17. Rxh3 Qd7 18. Qg3 O-O-O 19. Nd5 Kb8 20. Bc3 Rhe8 21.
Rhh1 Rg8 22. Rhf1 Rdf8 23. Nf6 Bxf6 24. gxf6 Qg4 25. Qf4 Qxf4+ 26. Rxf4 Rd8 27.
Bb4 Ka8 28. Rxd6 Rxd6 29. Bxd6 Nc6 30. e5 Re8 31. Re4 Re6 32. Kd2 h6 33. c3 b5
34. Kd3 Kb7 35. a3 Kb6 36. c4 bxc4+ 37. Kxc4 g5 38. Kd5 a5 39. hxg5 hxg5 40.
Rg4 Re8 41. Rxg5 Rd8 42. Rg7 Rd7 43. e6 fxe6+ 44. Kxe6 Rxg7 45. fxg7 1-0

[Event "Dresden (GER I)-Helsingborg (SWE)"]
[Site "Hamburg"]
[Date "2009.06.07"]
[Round "6.1"]
[White "Borg, Peter"]
[Black "Mucha, Annegret"]
[Result "1/2-1/2"]
[WhiteElo "1900"]
[BlackElo "1957"]
[PlyCount "136"]
[EventDate "2009.??.??"]
[WhiteTeam "Helsingborg (SWE)"]
[BlackTeam "Dresden (GER I)"]

1. b3 e5 2. Bb2 Nc6 3. d3 d6 4. e4 f5 5. Nc3 Nf6 6. Be2 Nd4 7. Nf3 Nxe2 8. Qxe2
Be7 9. O-O-O O-O 10. exf5 Bxf5 11. h3 c6 12. Nd2 Qc7 13. Rde1 Rae8 14. f3 b5
15. g4 Bd7 16. Nde4 Nxe4 17. fxe4 b4 18. Nd1 a5 19. c4 a4 20. Ne3 Bg5 21. Kc2
Bxe3 22. Qxe3 c5 23. Bc1 Ra8 24. Ref1 Rfb8 25. Rf2 Qa7 26. Rhf1 Be6 27. Kd1
axb3 28. axb3 Qa1 29. Qd2 Ra7 30. Qb2 h6 31. Qxa1 Rxa1 32. Kc2 Rba8 33. Bb2
R1a2 34. Rf3 R2a7 35. R1f2 Rf7 36. Rxf7 Bxf7 37. Kd2 Be6 38. Rf1 Kh7 39. Ke3
Ra2 40. Rf2 Kg6 41. Kf3 Ra7 42. Kg3 h5 43. gxh5+ Kxh5 44. Rf3 Ra2 45. Rf2 Ra7
46. Rf1 Kg6 47. Rf2 Ra8 48. Rf1 Rh8 49. Rh1 Rf8 50. Rg1 Kh5 51. Bc1 Rf7 52. Bb2
Rf6 53. Rh1 Rg6+ 54. Kf3 Kh4 55. Bc1 Rg3+ 56. Ke2 Bxh3 57. Be3 Kg4 58. Rh2 Rg2+
59. Rxg2+ Bxg2 60. Kf2 Bf3 61. Ke1 g5 62. Bg1 Kh3 63. Be3 g4 64. Bg1 g3 65. Be3
g2 66. Bg1 Kg3 67. Kd2 Bg4 68. Ke1 Kf3 1/2-1/2

[Event "Dresden (GER I)-Helsingborg (SWE)"]
[Site "Hamburg"]
[Date "2009.06.07"]
[Round "6.2"]
[White "Müller, Burkhard"]
[Black "Korenkiewicz, Jaroslav"]
[Result "1-0"]
[WhiteElo "2159"]
[BlackElo "1900"]
[PlyCount "53"]
[EventDate "2009.??.??"]
[WhiteTeam "Dresden (GER I)"]
[BlackTeam "Helsingborg (SWE)"]

1. e4 c5 2. Nf3 Nc6 3. Nc3 a6 4. d4 cxd4 5. Nxd4 Nxd4 6. Qxd4 e6 7. Be2 h6 8.
O-O Ne7 9. Be3 Nc6 10. Qd2 Bb4 11. a3 Bxc3 12. Qxc3 Qf6 13. Qxf6 gxf6 14. Rad1
b5 15. Rd2 h5 16. Rfd1 Rb8 17. b4 h4 18. h3 a5 19. Bc5 axb4 20. axb4 Nd8 21.
Ra1 Nc6 22. Bd6 Rb7 23. Ra8 Kd8 24. c3 Ra7 25. Rxa7 Nxa7 26. Ra2 Nc6 27. Ra8
1-0

[Event "Dresden (GER I)-Helsingborg (SWE)"]
[Site "Hamburg"]
[Date "2009.06.07"]
[Round "6.3"]
[White "Claesson, Mats"]
[Black "Krause, Stefan"]
[Result "0-1"]
[WhiteElo "1900"]
[BlackElo "1900"]
[PlyCount "58"]
[EventDate "2009.??.??"]
[WhiteTeam "Helsingborg (SWE)"]
[BlackTeam "Dresden (GER I)"]

1. Nf3 Nf6 2. d4 d5 3. e3 g6 4. g3 Bg7 5. Bg2 O-O 6. O-O Nbd7 7. Nbd2 c6 8. b3
Re8 9. Bb2 Nf8 10. Re1 N6d7 11. c3 Qc7 12. Rc1 e5 13. dxe5 Nxe5 14. Nxe5 Bxe5
15. Nf3 Bg7 16. Qd2 Be6 17. Ba1 Rad8 18. Qb2 Bc8 19. Qd2 Ne6 20. Nd4 Ng5 21. h4
Ne4 22. Bxe4 dxe4 23. Qc2 Bg4 24. Bb2 Qe7 25. Ne2 g5 26. c4 Bxb2 27. Qxb2 gxh4
28. Rcd1 hxg3 29. Rxd8 gxf2+ 0-1

[Event "Zagreb (CRO)-Moskau (RUS)"]
[Site "?"]
[Date "2009.06.07"]
[Round "7.1"]
[White "Varezhkin, Viktor"]
[Black "Bozinovic, Bogdan"]
[Result "0-1"]
[WhiteElo "2187"]
[BlackElo "2323"]
[PlyCount "124"]
[EventDate "2009.06.13"]

1. d4 Nf6 2. Nf3 c5 3. c4 cxd4 4. Nxd4 e5 5. Nb5 d5 6. cxd5 Bc5 7. N1c3 a6 8.
Na3 b5 9. Nc2 Bb7 10. b4 Bb6 11. e4 Qc8 12. Qd3 Bxf2+ 13. Kxf2 Qxc3 14. Bd2
Qxd2+ 15. Qxd2 Nxe4+ 16. Ke3 Nxd2 17. Kxd2 Bxd5 18. a4 bxa4 19. Rxa4 O-O 20.
Ne3 Bb7 21. Bc4 Rd8+ 22. Ke2 Kf8 23. Rha1 Nc6 24. Ke1 g6 25. Bd5 Rac8 26. g4
Rd7 27. g5 Nxb4 28. Rxb4 Bxd5 29. Rxa6 Rc1+ 30. Ke2 Rc5 31. Rb8+ Ke7 32. Rh8
Be6 33. Raa8 Rb7 34. Rae8+ Kd6 35. Rd8+ Kc6 36. Rxh7 Rb2+ 37. Rd2 Rb3 38. Rh4
Rb1 39. Kf2 Rb7 40. Ra4 Rd7 41. Rb2 Kd6 42. Kf3 Ke7 43. Rb6 Rd4 44. Ra3 Rf4+
45. Kg3 Rc1 46. Kg2 Rc5 47. Kg3 Rd4 48. Rb7+ Rd7 49. Rb2 Rd4 50. Rb7+ Rd7 51.
Rb2 Bf5 52. Rb6 Be6 53. Rb2 Rd8 54. Rb7+ Kf8 55. Rb2 Kg7 56. Rb4 Rd4 57. Rb2
Rc1 58. Kg2 e4 59. Kf2 Rc5 60. h4 Rc1 61. Kg3 Rh1 62. Kg2 Rxh4 0-1

[Event "Zagreb (CRO)-Moscow (RUS)"]
[Site "?"]
[Date "2009.06.07"]
[Round "7.2"]
[White "Klasan, Vladimir"]
[Black "Parfenov, Vjacheslav"]
[Result "1-0"]
[WhiteElo "2282"]
[BlackElo "2228"]
[PlyCount "75"]
[EventDate "2009.06.13"]

1. e4 d6 2. d4 g6 3. Nc3 Bg7 4. Nf3 Nf6 5. h3 O-O 6. Be3 c6 7. Qd2 Nbd7 8. Bh6
e5 9. Bxg7 Kxg7 10. O-O-O Qe7 11. a3 a6 12. Be2 Re8 13. g4 b5 14. dxe5 dxe5 15.
Qd6 Nc5 16. Qxe7 Rxe7 17. Nd2 Ne6 18. f3 Nf4 19. Nb3 a5 20. Bf1 Nd7 21. a4 b4
22. Nb1 Ne6 23. Rd6 Bb7 24. N1d2 Ndc5 25. Bc4 Rc7 26. Bxe6 Nxe6 27. Nc4 Ng5 28.
Nxe5 f6 29. Nc4 Nxf3 30. Rf1 Ne5 31. Nxe5 fxe5 32. Nc5 Bc8 33. Rd8 b3 34. Ne6+
Bxe6 35. Rxa8 bxc2 36. Rxa5 Bb3 37. Rf3 Rd7 38. Rxb3 1-0

[Event "Zagreb (CRO)-Moscow (RUS)"]
[Site "?"]
[Date "2009.06.07"]
[Round "7.3"]
[White "Parfenov, Pavel"]
[Black "Vujcic, Toni"]
[Result "1-0"]
[WhiteElo "2248"]
[BlackElo "2141"]
[PlyCount "101"]
[EventDate "2009.06.13"]

1. d4 d5 2. Nf3 Nf6 3. c4 e6 4. g3 c5 5. cxd5 exd5 6. Bg2 Nc6 7. O-O Be7 8. Nc3
cxd4 9. Nxd4 O-O 10. h3 Qb6 11. Be3 Qxb2 12. Ndb5 Bf5 13. a3 Qc2 14. Qxc2 Bxc2
15. Nxd5 Nxd5 16. Bxd5 a6 17. Nc3 Rac8 18. Rfc1 Bf5 19. g4 Be6 20. Bg2 Na5 21.
Nd5 Bxd5 22. Bxd5 b5 23. Bd4 Nc4 24. a4 Rfd8 25. e4 Nd2 26. Bb6 Rxc1+ 27. Rxc1
Rb8 28. Ba7 Rd8 29. axb5 axb5 30. Kg2 Kf8 31. Be3 Nc4 32. Bxc4 bxc4 33. Rxc4
Ke8 34. Kg3 f6 35. h4 Bd6+ 36. Kf3 Kd7 37. h5 Ke6 38. Ra4 Rd7 39. Ke2 g6 40. f4
gxh5 41. gxh5 Be7 42. Ra6+ Kf7 43. f5 Rb7 44. Bd4 Rd7 45. Ke3 Rb7 46. Rc6 Rb3+
47. Bc3 Rb1 48. Rc7 Kf8 49. Kd3 Rh1 50. Kd4 Rc1 51. Rb7 1-0

[Event "Zagreb (CRO)-Moscow (RUS)"]
[Site "?"]
[Date "2009.06.07"]
[Round "7.4"]
[White "Svec, Darko"]
[Black "Ivanov, Mikhail"]
[Result "1-0"]
[WhiteElo "1968"]
[BlackElo "1900"]
[PlyCount "84"]
[EventDate "2009.06.13"]

1. d4 Nf6 2. Bg5 c5 3. Bxf6 gxf6 4. d5 f5 5. e3 Bg7 6. c3 Qb6 7. Qb3 Qg6 8. Nd2
h5 9. h4 Na6 10. Nh3 e5 11. dxe6 fxe6 12. Nf4 Qf7 13. Nc4 Ke7 14. Be2 b5 15.
Nd2 Be5 16. Nf3 Bxf4 17. exf4 Rb8 18. Qd1 Rb6 19. Ng5 Qe8 20. a4 b4 21. a5 Rd6
22. Qb3 Bb7 23. O-O Qa8 24. f3 Bd5 25. c4 Bb7 26. Rfd1 Qb8 27. Qe3 Rg8 28. Kf2
Rxd1 29. Rxd1 Qc7 30. Qe5 Qxe5 31. fxe5 f4 32. g4 Rh8 33. Nh3 hxg4 34. Nxf4 g3+
35. Kxg3 Rg8+ 36. Kf2 Nb8 37. h5 Nc6 38. Ng6+ Kd8 39. Rg1 Rg7 40. Ra1 Rh7 41.
Rh1 Nd4 42. Nf8 Rh8 {unleserlich.} 1-0

[Event "London (ENG)-Kiev (UKR)"]
[Site "?"]
[Date "2009.06.07"]
[Round "7.1"]
[White "Kreuzer, Christopher"]
[Black "Baklanova, Tatiana"]
[Result "1-0"]
[WhiteElo "1928"]
[BlackElo "2239"]
[PlyCount "69"]
[EventDate "2009.06.13"]

1. d4 Nf6 2. c4 e6 3. Nc3 Bb4 4. f3 c5 5. d5 Bxc3+ 6. bxc3 d6 7. e4 e5 8. Bg5
h6 9. Be3 O-O 10. Bd3 Qe7 11. Ne2 Re8 12. g4 h5 13. h3 Nh7 14. gxh5 Qh4+ 15.
Bf2 Qxh5 16. Ng3 Qh6 17. h4 g6 18. Qe2 Nd7 19. Be3 Qf8 20. Kd2 Ndf6 21. Rag1
Kh8 22. Bg5 Ng8 23. h5 Nxg5 24. hxg6+ Nh6 25. Nh5 fxg6 26. Rxg5 Kh7 27. Qh2
gxh5 28. Rxh5 Qf4+ 29. Qxf4 exf4 30. Rxh6+ Kg7 31. Rxd6 b6 32. e5 Ba6 33. Rd7+
Kg8 34. Bh7+ Kf8 35. Rg1 1-0

[Event "London (ENG)-Kiev (UKR)"]
[Site "?"]
[Date "2009.06.07"]
[Round "7.2"]
[White "Gardner, Phillip"]
[Black "Kovalenko, Vladimir"]
[Result "1/2-1/2"]
[WhiteElo "1900"]
[BlackElo "2162"]
[PlyCount "46"]
[EventDate "2009.06.13"]

1. e4 c5 2. c3 d5 3. exd5 Qxd5 4. d4 Nf6 5. Nf3 e6 6. Be3 cxd4 7. cxd4 Nc6 8.
Nc3 Qa5 9. Bd3 Be7 10. O-O O-O 11. a3 a6 12. Qe2 Rd8 13. Rfd1 Qc7 14. h3 b5 15.
Rac1 Bb7 16. b4 Rac8 17. Bb1 Qb8 18. Bg5 Nd5 19. Nxd5 Rxd5 20. Rxc6 Bxg5 21.
Rxc8+ Qxc8 22. Be4 Bf4 23. Bxd5 Bxd5 1/2-1/2

[Event "London (ENG)-Kiev (UKR)"]
[Site "?"]
[Date "2009.06.07"]
[Round "7.3"]
[White "Ovcharov, Taras"]
[Black "Dwek, Ilan"]
[Result "1-0"]
[WhiteElo "1987"]
[BlackElo "1900"]
[PlyCount "39"]
[EventDate "2009.06.13"]

1. e4 c5 2. c3 e6 3. d4 d5 4. exd5 exd5 5. Be3 c4 6. b3 b5 7. a4 Qa5 8. Qf3 Bb7
9. bxc4 bxa4 10. cxd5 Bxd5 11. Rxa4 Qb6 12. Qxd5 Qxb1+ 13. Kd2 Qxf1 14. Qxa8
Qb5 15. Qe4+ Kd8 16. Rxa7 Nf6 17. Qb7 Qxb7 18. Rxb7 Nfd7 19. Nf3 f6 20. Bf4 1-0

[Event "London (ENG)-Kiev (UKR)"]
[Site "?"]
[Date "2009.06.07"]
[Round "7.4"]
[White "Dunn, Richard"]
[Black "Babii, Petro"]
[Result "0-1"]
[WhiteElo "1900"]
[BlackElo "2124"]
[PlyCount "88"]
[EventDate "2009.06.13"]

1. c4 Nf6 2. Nf3 e6 3. Nc3 d5 4. d4 Be7 5. Bg5 h6 6. Bh4 Ne4 7. Bxe7 Qxe7 8.
Qc2 O-O 9. e3 Nxc3 10. Qxc3 b6 11. cxd5 exd5 12. Rc1 c6 13. h3 Bb7 14. Bd3 Nd7
15. O-O Rac8 16. Rfe1 Nf6 17. Ne5 Rfd8 18. Qb3 Rd6 19. Qa3 c5 20. Nf3 c4 21.
Bb1 b5 22. Qb4 a6 23. Nh4 Qd8 24. Nf5 Re6 25. Ng3 Rb8 26. Bf5 Rd6 27. Bb1 Bc8
28. Qd2 Be6 29. Red1 Qb6 30. Qe2 Rbd8 31. Rd2 a5 32. Kh2 Qb8 33. Kg1 g6 34.
Rcd1 b4 35. Rc2 Bd7 36. Rdc1 Ba4 37. Rd2 c3 38. bxc3 bxc3 39. Rxc3 Qxb1+ 40.
Kh2 Bb5 41. Rb2 Bxe2 42. Rxb1 Bc4 43. Ra3 Ra6 44. Rb2 h5 0-1

[Event "Hamburg (GER II)-Vilnius (LTU)"]
[Site "?"]
[Date "2009.06.07"]
[Round "7.1"]
[White "Patackas, Jonas"]
[Black "Salov, Sergey"]
[Result "0-1"]
[WhiteElo "2042"]
[BlackElo "2271"]
[PlyCount "75"]
[EventDate "2009.06.13"]

1. e4 c5 2. Nc3 Nc6 3. g3 g6 4. Bg2 Bg7 5. d3 d6 6. f4 e6 7. Nf3 Nge7 8. O-O
O-O 9. Be3 Nd4 10. Rb1 Qc7 11. Ne2 e5 12. c3 Nxf3+ 13. Bxf3 Be6 14. c4 f5 15.
Nc3 fxe4 16. Bxe4 Nf5 17. Bxf5 gxf5 18. Nd5 Bxd5 19. cxd5 Rae8 20. b4 cxb4 21.
fxe5 Rxe5 22. Qf3 Qa5 23. Bd4 Rxd5 24. Bxg7 Kxg7 25. Rfe1 Qb6+ 26. Kg2 Re5 27.
Qf4 Qc6+ 28. Kh3 Rf6 29. Rxe5 dxe5 30. Qxe5 Kf7 31. Rxb4 Rh6+ 32. Rh4 Rxh4+ 33.
gxh4 Qf3+ 34. Qg3 Qf1+ 35. Qg2 Qxd3+ 36. Qg3 Qf1+ 37. Qg2 Qxg2+ 38. Kxg2 0-1

[Event "Hamburg (GER II)-Vilnius (LTU)"]
[Site "?"]
[Date "2009.06.07"]
[Round "7.2"]
[White "Kevorkov, Artur"]
[Black "Petrauskas, Gediminas"]
[Result "1/2-1/2"]
[WhiteElo "2240"]
[BlackElo "1900"]
[PlyCount "99"]
[EventDate "2009.06.13"]

1. e4 d6 2. d4 Nf6 3. Nc3 g6 4. f4 c6 5. Nf3 Bg7 6. e5 Nd5 7. Ne4 Bf5 8. Ng3
Bg4 9. c3 Qc7 10. h3 Bxf3 11. Qxf3 e6 12. Ne4 dxe5 13. fxe5 O-O 14. c4 Nb4 15.
Qc3 a5 16. a3 N4a6 17. b4 Nd7 18. Bb2 b6 19. Be2 c5 20. bxc5 bxc5 21. O-O cxd4
22. Qxd4 Bxe5 23. Nf6+ Bxf6 24. Rxf6 Qc5 25. Rf2 Qxd4 26. Bxd4 Nac5 27. Bf3
Rab8 28. Rd1 Rb3 29. Rfd2 e5 30. Bxc5 Nxc5 31. Rd5 e4 32. Rxc5 exf3 33. Rxa5
fxg2 34. Kxg2 Rc3 35. c5 Rb8 36. Rd2 Rbb3 37. a4 Rxh3 38. Rb5 Ra3 39. a5 Rhc3
40. Rf2 h5 41. Rb7 Rxc5 42. a6 Rxa6 43. Rfxf7 Rg5+ 44. Kf3 Rf5+ 45. Rxf5 gxf5
46. Kf4 Rf6 47. Kg5 Rf8 48. Kxh5 f4 49. Kg4 f3 50. Rb1 1/2-1/2

[Event "Hamburg (GER II)-Vilnius (LTU)"]
[Site "?"]
[Date "2009.06.07"]
[Round "7.3"]
[White "Osadcij, Jurij"]
[Black "Jentsch, Dieter"]
[Result "0-1"]
[WhiteElo "1900"]
[BlackElo "2175"]
[PlyCount "38"]
[EventDate "2009.06.13"]

1. e4 e6 2. d4 d5 3. exd5 exd5 4. Bd3 Nf6 5. Nf3 c5 6. dxc5 Bxc5 7. O-O O-O 8.
Bg5 h6 9. Bh4 Qb6 10. Bxf6 Qxf6 11. c3 Bg4 12. Nbd2 Nc6 13. h3 Bh5 14. Be2 Bg6
15. Nb3 Bd6 16. Qxd5 Rfd8 17. Qc4 Ne5 18. Qb5 Nxf3+ 19. Bxf3 Qf4 0-1

[Event "Hamburg (GER II)-Vilnius (LTU)"]
[Site "?"]
[Date "2009.06.07"]
[Round "7.4"]
[White "Krüger, Karl-Friedrich"]
[Black "Marcinkeviciene, Egle"]
[Result "0-1"]
[WhiteElo "1900"]
[BlackElo "1741"]
[PlyCount "85"]
[EventDate "2009.06.13"]

1. Nf3 Nf6 2. g3 g6 3. Bg2 Bg7 4. O-O O-O 5. c4 d6 6. d4 c6 7. Nc3 Nbd7 8. Bf4
Re8 9. Re1 Nh5 10. Be3 e5 11. Qd2 f5 12. Bg5 Nhf6 13. d5 c5 14. e4 Nb6 15. b3
a6 16. Nh4 Qc7 17. exf5 Bxf5 18. Nxf5 gxf5 19. Bh3 Qd7 20. Bxf6 Bxf6 21. Ne4
Bg7 22. Qg5 Rf8 23. Qh5 h6 24. Re3 Rf7 25. Rae1 Raf8 26. Kh1 Nc8 27. f4 Qd8 28.
Nd2 Qa5 29. Nf3 Qxa2 30. fxe5 dxe5 31. Nxe5 Bxe5 32. Rxe5 f4 33. Be6 f3 34.
Qxf3 Nd6 35. Rf1 Kg7 36. Qg4+ Kh7 37. Bxf7 Rxf7 38. Rxf7+ Nxf7 39. Qf5+ Kg7 40.
Re7 Qa1+ 41. Kg2 Qf6 42. Qxf6+ Kxf6 43. Rxb7 0-1

[Event "St. Gallen (SUI)-Baku (AZE)"]
[Site "?"]
[Date "2009.06.07"]
[Round "7.1"]
[White "Slepsov, Aleksandr"]
[Black "Redzepi, Halit"]
[Result "1-0"]
[WhiteElo "1900"]
[BlackElo "1847"]
[PlyCount "101"]
[EventDate "2009.06.13"]

1. d4 d5 2. Nf3 Nf6 3. g3 e6 4. Bg2 b6 5. O-O Be7 6. Ne5 O-O 7. c4 Bb7 8. Nc3
Nbd7 9. a3 Rb8 10. cxd5 Nxd5 11. Nxd5 Bxd5 12. Bxd5 Nxe5 13. Bxe6 Nc6 14. d5
Ne5 15. Bh3 Bf6 16. e4 g6 17. f4 Nc4 18. e5 Be7 19. b3 Bc5+ 20. Kh1 Ne3 21.
Bxe3 Bxe3 22. Rf3 Bc5 23. d6 a5 24. Qd2 b5 25. b4 axb4 26. axb4 Bb6 27. d7 Qe7
28. Rd3 Rfd8 29. Rc1 c5 30. Rd6 c4 31. Rc6 Kg7 32. Ra1 Ra8 33. Rxa8 Rxa8 34.
Rxb6 Qd8 35. Rxb5 Ra1+ 36. Kg2 Qa8+ 37. Rd5 Ra2 38. Kg1 Rxd2 39. Rxd2 Qd8 40.
Kf1 Kf8 41. Ke2 Ke7 42. Kd1 f5 43. Rd6 h6 44. Bf1 c3 45. Bc4 Kf8 46. Kc2 Kg7
47. b5 Qa5 48. d8=Q Qa4+ 49. Bb3 Qe4+ 50. Kxc3 Qe3+ 51. Kb2 1-0

[Event "St. Gallen (SUI)-Baku (AZE)"]
[Site "?"]
[Date "2009.06.07"]
[Round "7.2"]
[White "Wagner, Peter"]
[Black "Yusifov, Fazil"]
[Result "1/2-1/2"]
[WhiteElo "1900"]
[BlackElo "1900"]
[PlyCount "34"]
[EventDate "2009.06.13"]

1. e4 e5 2. Nf3 Nc6 3. Bb5 Nge7 4. d4 exd4 5. Nxd4 Nxd4 6. Qxd4 a6 7. Ba4 c6 8.
O-O Qc7 9. c4 c5 10. Qc3 b6 11. Bg5 Ng6 12. Nd2 Bb7 13. Bc2 f6 14. Be3 Bd6 15.
Nf3 O-O-O 16. g3 h5 17. h4 Ne5 1/2-1/2

[Event "St. Gallen (SUI)-Baku (AZE)"]
[Site "?"]
[Date "2009.06.08"]
[Round "7.3"]
[White "Zhigannurov, Ramiz"]
[Black "Geisser, Rainer"]
[Result "1-0"]
[WhiteElo "1900"]
[BlackElo "1900"]
[PlyCount "122"]
[EventDate "2009.06.13"]

1. d4 Nf6 2. c4 c6 3. f3 d5 4. Nc3 Nbd7 5. c5 e5 6. Bg5 exd4 7. Na4 Qa5+ 8. Bd2
Qc7 9. b4 b6 10. Rc1 Be7 11. g3 O-O 12. Bf4 Qb7 13. Qxd4 b5 14. Nc3 a5 15. a3
axb4 16. axb4 Nh5 17. Bd2 Bf6 18. Qe3 g6 19. Qf2 Ne5 20. g4 Qe7 21. Kd1 Ng7 22.
h3 Bh4 23. Qh2 Nc4 24. Rb1 Nxd2 25. Kxd2 Re8 26. e4 d4 27. Nd1 Qa7 28. Bd3 Be6
29. Ne2 Red8 30. Nf2 Qa2+ 31. Ke1 Bc4 32. Nc1 Qa3 33. Ke2 Ba2 34. Nxa2 Qxa2+
35. Kf1 Qxf2+ 36. Qxf2 Bxf2 37. Kxf2 Ra2+ 38. Kg3 Rda8 39. e5 Ne6 40. Be4 R8a6
41. h4 R2a3 42. g5 Re3 43. Ra1 Rxa1 44. Rxa1 Rb3 45. Rb1 Rxb1 46. Bxb1 Kf8 47.
Be4 Nd8 48. f4 Ke7 49. Kf3 Kd7 50. f5 Ke7 51. Kg4 Kd7 52. h5 gxf5+ 53. Bxf5+
Ne6 54. Bxh7 Nc7 55. h6 Ke7 56. Be4 Kf8 57. Bxc6 Na6 58. Bxb5 Nxb4 59. c6 Ke7
60. Kf4 Ke6 61. c7 Nc6 1-0

[Event "St. Gallen (SUI)-Baku (AZE)"]
[Site "?"]
[Date "2009.06.07"]
[Round "7.4"]
[White "Bolliger, Bruno"]
[Black "Afandiyev, Ahad"]
[Result "1-0"]
[WhiteElo "1900"]
[BlackElo "1900"]
[PlyCount "105"]
[EventDate "2009.06.13"]

1. d4 Nf6 2. c4 g6 3. Nc3 Bg7 4. Nf3 O-O 5. e4 d6 6. Be2 e5 7. d5 Nbd7 8. O-O
Nc5 9. Qc2 a5 10. b3 b6 11. Bb2 Bg4 12. h3 Bxf3 13. Bxf3 Qd7 14. Bc1 c6 15. Be3
cxd5 16. Nxd5 Nxd5 17. cxd5 Rac8 18. Qd2 f5 19. Rac1 fxe4 20. Bg4 Qa7 21. Bxc8
Rxc8 22. Qe2 Qb7 23. Rfd1 Rb8 24. Qg4 Nd3 25. Rc6 Qf7 26. Rc8+ Rxc8 27. Qxc8+
Bf8 28. Rf1 Nf4 29. Kh2 Qxd5 30. Bxb6 e3 31. Qg4 Qb5 32. Re1 Qxb6 33. fxe3 Nd3
34. Rf1 Qc7 35. Qe6+ Kg7 36. Qf6+ Kh6 37. Qxf8+ Qg7 38. Qxg7+ Kxg7 39. e4 Nc5
40. Re1 Kf6 41. h4 h6 42. g4 h5 43. g5+ Ke6 44. Kg3 d5 45. exd5+ Kxd5 46. Kf3
e4+ 47. Ke3 Ke5 48. Rc1 Nd3 49. Rc4 Kf5 50. Rxe4 Nb4 51. Rf4+ Ke5 52. Kf3 Kd5
53. Rf6 1-0

[Event "Prague (CZE)-Dresden (GER I)"]
[Site "?"]
[Date "2009.06.07"]
[Round "7.1"]
[White "Mucha, Annegret"]
[Black "Cisar, Jiri"]
[Result "1-0"]
[WhiteElo "1957"]
[BlackElo "1900"]
[PlyCount "99"]
[EventDate "2009.06.13"]

1. e4 c5 2. Nc3 d6 3. f4 Nf6 4. Nf3 e6 5. d3 Nc6 6. g3 b6 7. Bg2 Bb7 8. O-O Rb8
9. h3 Be7 10. Be3 O-O 11. Bf2 a6 12. a4 Qc7 13. Nh4 g6 14. g4 Nd4 15. Ne2 Nxe2+
16. Qxe2 Qd8 17. Nf3 Qc7 18. Be3 Nd7 19. f5 exf5 20. gxf5 Bf6 21. fxg6 fxg6 22.
c3 d5 23. Ng5 Rbe8 24. Qd2 Qe5 25. d4 cxd4 26. cxd4 Qe7 27. e5 h6 28. Nf3 Bg7
29. Bxh6 Rf5 30. Bg5 Qe6 31. Nh4 Rxf1+ 32. Rxf1 Rf8 33. Qd3 Rxf1+ 34. Bxf1 Nf8
35. Be2 Kh7 36. Bg4 Qf7 37. Qf3 Qxf3 38. Nxf3 Bc6 39. b3 Kg8 40. Kg2 Kf7 41.
Bc8 b5 42. a5 Ne6 43. Bxa6 Bf8 44. Bc8 Bb4 45. Bd2 Bxd2 46. Bxe6+ Kxe6 47. Nxd2
Kf5 48. Kf3 Bd7 49. b4 Bc8 50. Nb3 1-0

[Event "Prague (CZE)-Dresden (GER I)"]
[Site "?"]
[Date "2009.06.07"]
[Round "7.2"]
[White "Schmid, Jaroslav"]
[Black "Müller, Burkhard"]
[Result "1/2-1/2"]
[WhiteElo "2056"]
[BlackElo "2159"]
[PlyCount "20"]
[EventDate "2009.06.13"]

1. e4 c5 2. Nf3 d6 3. d4 cxd4 4. Nxd4 Nf6 5. Nc3 Nc6 6. Bg5 e6 7. f4 Be7 8.
Nxc6 bxc6 9. e5 Nd5 10. Bxe7 Qxe7 1/2-1/2